00592nam a22001937a 4500003000900000005001700009008003300026040002200059082001700081100001800098245012000116260003000236300002100266490001700287700001600304700002900320700003200349830001700381DO-SdBNP20171128154203.0171128b 1964 sp||| 00| 0 spa d aBPMSUbspacBPMSU axxxxxbxxxxx1 aTabor, Markus1 a¿Aman los otros de otra manera? /cMarkus Tabor, Wolf Gertt ; traducción José Moya Soley, Ute Körner de Moya aEspaña :bFerma,c1964. a228 p. ;c20 cm.1 aNovus mundus aGertt, Wolf1 aMoya Soley, José,etr.1 aKörner Moya, Ute de,etr. 0aNovus mundus